01485nam a22001697a 4500008004100000020001800041050001600059100002100075245012700096260003400223300003400257500003500291505091000326700002901236700002401265700002601289150213b xxu||||| |||| 00| 0 eng d a9780070956551 aHG4026.R676 aRoss, Stephen A. aEssentials of corporate finance. /cStephen A. Ross, Randolph W. Westerfield, Bradford D. Jordan and Ernest N. Biktimirov. aToronto:bMcGraw-Hill,c2008. axxviii, 612p.:bills.;c26cm. aIncludes references and index. aContents: Overview of financial management: Introduction to financial management -- Understanding financial statements and cash flow: Financial statements, cash flow, and taxes -- Working with financial statements -- Valuation of future cash flows: Introduction to valuation: The time value of money -- Discounted cash flow valuation -- Valuing stocks and bonds: Interests rates and bond valuation -- Stock valuation -- Capital budgeting: Net present value and other investment criteria -- Making capital investment decisions -- Risk and return: Some lessons from capital market history -- Risk and return -- Long term financing: Cost of capital -- Leverage and capital structure -- Dividends and dividend policy -- Raising capital -- Short term financial management: short term financial planning -- Working capital management -- Topics in business finance: International aspects of financial management. aWesterfield, Randolph W. aJordan, Bradford D. aBiktimirov, Ernest N.